000 00520nam a2200181Ia 4500
005 20250508152113.0
008 008 250505s9999 xx 000 0 eng d
020 _a92-803-1074-7
037 _aBooks to be hide in OPAC
040 _aFEDL
_beng
_cFEDL
041 _aeng
_2eng
084 _a032, CHI/O
_qFEDL
245 0 _aChildren's illustrated encyclopaedia of general knowledge
260 _aLondon, UK
_bOdhama Press Ltd.
300 _a480p.
942 _cHB
_h032, CHI/O
999 _c1334270
_d1334270